My Beautiful Dark Twisted Fantasy - 2010 - Kanye West - Statistics

General Stats
  • This quiz has been taken 13 times
  • The average score is 11 of 13
Answer Stats
Hint Answer % Correct
8 Devil In A New Dress
100%
9 Runaway
100%
5 All of the lights
92%
11 Blame Game
92%
10 Hell Of A Life
92%
3 POWER
92%
1 Dark Fantasy
83%
2 Gorgeous
83%
13 Who Will Survive In America
83%
4 All of the lights (Interlude)
75%
7 So Appalled
75%
6 Monster
67%
12 Lost In A World
17%
No matching quizzes found
Score Distribution
Percent of People with Each Score
Percentile by Number Answered
Your Score History
You have not taken this quiz